000 00451nam a2200181Ia 4500
008 090124s9999 xx 000 0 und d
082 _b30556
_a2865
100 _aपवार जयंत
245 _a अधांतर
250 _a1
260 _c1999
300 _a65
600 _aपवार जयंत
630 _a अधांतर
700 _aपवार जयंत
730 _a अधांतर
942 _cBOOK
999 _c144037
_d144037